[Event "Erfurt op-A 29th"]
[Site "Erfurt"]
[Date "2019.12.30"]
[Round "8"]
[White "Pedersen, Lars Wilton"]
[Black "Krause, Maximilian"]
[Result "1-0"]
[WhiteElo "2047"]
[BlackElo "1992"]
[PlyCount "79"]
[EventDate "2019.12.26"]
[EventType "swiss"]
[EventRounds "8"]
[EventCountry "GER"]
[SourceTitle "CBM 194 Extra"]
[Source "ChessBase"]
[SourceDate "2020.03.31"]
[SourceVersion "1"]
[SourceVersionDate "2020.03.31"]
[SourceQuality "1"]

1. c4 Nf6 2. Nc3 e6 3. Nf3 d5 4. d4 dxc4 5. e3 a6 6. a4 Bb4 7. Bxc4 0-0 8. 0-0 b6 9. Ne5 Bb7 10. Qb3 Bd6 11. Rd1 Nbd7 12. f3 Qe7 13. Nxd7 Nxd7 14. e4 c5 15. Ne2 Rab8 16. Be3 Rfc8 17. d5 e5 18. Nc3 Rc7 19. Qc2 Bc8 20. Qe2 Ra7 21. g3 Nf6 22. Kg2 Qd7 23. Kg1 Qc7 24. h4 Nh5 25. Kh2 Qd8 26. b3 h6 27. Rd2 f5 28. exf5 e4 29. Nxe4 Nxg3 30. Nxg3 Qxh4+ 31. Kg1 Bxg3 32. d6+ Kh8 33. Be6 Bxd6 34. Rad1 Be7 35. Bf4 Rba8 36. Qe5 Bb7 37. Rh2 Qf6 38. Bxh6 gxh6 39. Rxh6+ Kg7 40. Rg6+ 1-0

[Event "Erfurt MT op 27th"]
[Site "Erfurt"]
[Date "2017.12.26"]
[Round "1"]
[White "Liedtke, Matthias"]
[Black "Pedersen, Lars Wilton"]
[Result "1-0"]
[WhiteElo "2273"]
[BlackElo "2051"]
[PlyCount "113"]
[EventDate "2017.12.26"]
[EventType "swiss"]
[EventRounds "8"]
[EventCountry "GER"]
[SourceTitle "CBM 182 Extra"]
[Source "ChessBase"]
[SourceDate "2018.02.23"]
[SourceVersion "1"]
[SourceVersionDate "2018.02.23"]
[SourceQuality "1"]

1. e4 d5 2. exd5 Nf6 3. c4 e6 4. d4 exd5 5. Nc3 Be7 6. Nf3 0-0 7. Be2 c6 8. 0-0 dxc4 9. Bxc4 Nbd7 10. h3 Nb6 11. Bd3 Nbd5 12. Re1 h6 13. a3 Re8 14. Bc2 Bf8 15. Rxe8 Qxe8 16. Qd3 g6 17. Qf1 Be6 18. Bd2 Qc8 19. Re1 Bg7 20. Ne5 Bf5 21. Bb3 Be6 22. Bc2 Bf5 23. Bd1 h5 24. Qe2 Bd7 25. Bb3 Be6 26. Nxg6 fxg6 27. Qxe6+ Qxe6 28. Rxe6 Kf7 29. Re5 Rd8 30. Kf1 Kf8 31. Re6 Nc7 32. Re2 Nfd5 33. Nxd5 Nxd5 34. Bxd5 Rxd5 35. Bb4+ Kg8 36. Re8+ Kh7 37. Re7 Kg8 38. Bc3 Rb5 39. Ke2 a5 40. a4 Rb6 41. Kd3 Bf6 42. Rc7 Kf8 43. Kc2 Ke8 44. b3 Be7 45. Bxa5 Ra6 46. Bd2 b5 47. axb5 cxb5 48. Rb7 Ra2+ 49. Kd3 b4 50. Be3 Rb2 51. Kc4 Rc2+ 52. Kd5 Rc3 53. Ke5 Rc6 54. d5 Ra6 55. Bb6 Ra2 56. Ke6 Re2+ 57. Be3 1-0